Statistiques concernant Focus sur: Thésée Dragonneau - Harry Potter

Cliquez ici pour prendre le quiz!

Statistiques générales

  • Ce quiz a été pris 45 fois
  • Le résultat moyen est 7 sur 8

Statistiques - réponses

Informations recherchéesRéponses% Correct
FrèreNorbert Dragonneau
100%
ProfessionAuror
97%
Couleur des cheveuxChâtain
97%
Ecole fréquentéePoudlard
91%
Maison fréquentéePoufsouffle
91%
Première apparitionLes Animaux fantastiques
88%
FiancéeLeta Lestrange
82%
Acteur l'interprétant dans les filmsCallum Turner
33%

Distribution des résultats

Percentile par nombre de réponses

% des personnes avec chaque résultat

Votre développement - résultats

Vous n’avez pas pris ce quiz